书目信息 |
| 题名: |
世界名人妙笔情书欣赏
|
|
| 作者: | 陈如松 编 | |
| 分册: | ||
| 出版信息: | 北京 当代世界出版社 1999 |
|
| 页数: | 346页 | |
| 开本: | 20cm | |
| 丛书名: | ||
| 单 册: | ||
| 中图分类: | I106.6 | |
| 科图分类: | 42.86 | |
| 主题词: | 爱情-书信集--世界 , 书信集-爱情--世界 | |
| 电子资源: | ||
| ISBN: | 7-80115-173-9 | |
| 000 | 00791nam2 2200277 45 | |
| 001 | 073000000865 | |
| 005 | 20090925101221.69 | |
| 010 | @a7-80115-173-9@dCNY18.50 | |
| 100 | @a20040127d em y0chiy0120 ea | |
| 101 | 0 | @achi |
| 102 | @aCN@b110000 | |
| 105 | @ay z 000ey | |
| 200 | 1 | @a世界名人妙笔情书欣赏@Ashi jie ming ren miao bi qing shu xin shang@f陈如松编 |
| 210 | @a北京@c当代世界出版社@d1999 | |
| 215 | @a346页@d20cm | |
| 300 | @a世界名人语言艺术欣赏丛书 | |
| 410 | 0 | @12001 @a世界名人语言艺术欣赏丛书 |
| 606 | @a爱情-书信集@y世界 | |
| 606 | @a书信集-爱情@y世界 | |
| 690 | @aI106.6@v4 | |
| 692 | @a42.86@v2 | |
| 701 | 0 | @a陈如松@Achen ru song@4编 |
| 801 | 0 | @aCN@bCL@c20090925 |
| 801 | 2 | @aCN@bHX@c20040127 |
| 905 | @aBZT@dI106.6@e1 | |
| 906 | @dCNY18.50@n0@r1 | |
| 世界名人妙笔情书欣赏/陈如松编.-北京:当代世界出版社,1999 |
| 346页;20cm |
| 世界名人语言艺术欣赏丛书 |
| ISBN 7-80115-173-9:CNY18.50 |
| ● |
| 相关链接 |
|
|
|
正题名:世界名人妙笔情书欣赏
索取号:I106.6/1
 
预约/预借
| 序号 | 登录号 | 条形码 | 馆藏地/架位号 | 状态 | 备注 |
| 1 | 408176 | 210354640 | 中心书库中库/打包BH1148/ [索取号:I106.6/1] | 在馆 | |
| 2 | 408177 | 210354659 | 中心书库中库/打包BH1148/ [索取号:I106.6/1] | 在馆 | |
| 3 | 408178 | 210354677 | 中心书库中库/打包BH1152/ [索取号:I106.6/1] | 在馆 | |
| 4 | 408179 | 210354668 | 中心书库中库/打包BH1148/ [索取号:I106.6/1] | 在馆 | |
| 5 | 408180 | 210354686 | 中心书库中库/打包BH1152/ [索取号:I106.6/1] | 在馆 | |
| 6 | 408181 | 210354695 | 中心书库中库/打包BH1152/ [索取号:I106.6/1] | 在馆 | |
| 7 | 408182 | 210354702 | 中心书库中库/打包BH1148/ [索取号:I106.6/1] | 在馆 | |
| 8 | 408183 | 210354711 | 中心书库中库/打包BH1152/ [索取号:I106.6/1] | 在馆 | |
| 9 | 408184 | 210354739 | 中心书库中库/打包BH1152/ [索取号:I106.6/1] | 在馆 | |
| 10 | 408185 | 210354720 | 中心书库中库/打包BH1152/ [索取号:I106.6/1] | 在馆 |